000 00641nam a2200169 i 4500
001 bg
100 1 _aBOLIKOWSKI, Jerzy
245 0 _aSynteza mikroprocesorowego systemu pomiarowego wielkości elektrycznych o analogowych przetwornikach wejściowych /
_cJ. Bolikowski.
260 _aZielona Góra,
_c1987.
490 1 _aMonografia / Wyższa Szkoła Inżynierska im. Jurija Gagarina w Zielonej Górze ;
_v39
830 0 _aMonografia (Wyższa Szkoła Inżynierska im. Jurija Gagarina w Zielonej Górze) ;
_v39
040 _cBPK
041 _apol
080 _a621.317:681.322.06
942 _cKS
008 s pl f |000 0 pol
999 _c23937
_d23937
856 _uhttp://koha.tu.koszalin.pl/cgi-bin/koha/opac-detail.pl?biblionumber=23937
_yKatalog online BPK